Vybrané časti stavebno-technologickej prípravy pre stavbu Bytový komplex STEIN 2 - 1. etapa, Bratislava

Na minha lista:
Detalhes bibliográficos
Autor principal: Pribula, Tomáš (Author)
Outros Autores: Juríček, Ivan (Thesis advisor)
Formato: Manuscrito Livro
Idioma:eslovaco
Publicado em: 2016
Assuntos:
Acesso em linha:http://is.stuba.sk/zp/portal_zp.pl?podrobnosti=117483
https://opac.crzp.sk/?fn=detailBiblioForm&sid=41728D440EB1EF629015148922FE
Tags: Adicionar Tag
Sem tags, seja o primeiro a adicionar uma tag!

MARC

LEADER 00000ntm a22000003a 4500
001 stuzp58530
003 SK-STU
005 20231004112356.7
007 ta
008 150427s2015----xo-----f-mn---000-0-slo-d
040 |a STU  |b slo 
041 0 |a slo 
100 1 |a Pribula, Tomáš  |u 010270  |4 aut  |U SvF Stavebná fakulta  |T SvF Katedra technológie stavieb  |X 7482  |U V270  |Y 28  |7 A000007482 
242 0 1 |a Selected parts of construction and technological preparation for the construction of housing complex STEIN 2 - Stage 1, Bratislava  |y eng 
245 1 0 |a Vybrané časti stavebno-technologickej prípravy pre stavbu Bytový komplex STEIN 2 - 1. etapa, Bratislava 
260 |c 2016 
650 4 |a Časový plán  |2 slo 
650 4 |a STEIN2  |2 slo 
650 4 |a Trysková injektáž  |2 slo 
650 4 |a time schedule  |2 eng 
650 4 |a jet grouting  |2 eng 
650 4 |a STEIN2  |2 eng 
700 1 |a Juríček, Ivan  |u 010270  |k Z8  |4 ths  |U SvF Stavebná fakulta  |T SvF Katedra technológie stavieb  |X 878  |U V270  |Y 28  |7 A000000878 
856 4 |u http://is.stuba.sk/zp/portal_zp.pl?podrobnosti=117483 
856 4 |u https://opac.crzp.sk/?fn=detailBiblioForm&sid=41728D440EB1EF629015148922FE 
SQL |a stuzp58530  |b DDP  |c SLO  |d Vybrané časti stavebno-technologickej prípravy pre stavbu Bytový komplex STEIN 2 - 1. etapa, Bratislava  |e 7482  |f Pribula, Tomáš  |g 010270  |h 878  |i Juríček, Ivan  |j 20160614  |k 681  |l 01  |m http://is.stuba.sk/zp/portal_zp.pl?podrobnosti=117483  |n I-TS  |o 5.2.8. stavebníctvo